EU energy performance of buildings directive gets tough (Record no. 82286)

MARC details
000 -LEADER
fixed length control field 00675cam a22001935a 4500
001 - CONTROL NUMBER
control field L149824
008 - FIXED-LENGTH DATA ELEMENTS--GENERAL INFORMATION
fixed length control field 100430e2010 xxk 000 0 eng d
035 ## - SYSTEM CONTROL NUMBER
System control number (Sirsi) u149824
041 0# - LANGUAGE CODE
Language code of text/sound track or separate title eng
100 1# - MAIN ENTRY--PERSONAL NAME
Personal name Janssen, Rod
245 00 - TITLE STATEMENT
Title EU energy performance of buildings directive gets tough
260 ## - PUBLICATION, DISTRIBUTION, ETC.
Date of publication, distribution, etc. 2010
490 ## - SERIES STATEMENT
Series statement Proceedings of the Institution of Civil Engineers
Volume/sequential designation (163) May 2010, 53(1)
520 ## - SUMMARY, ETC.
Summary, etc. A revised and tougher version of the EU energy performance of buildings directive is due to come into force summer 2010.
590 ## - LOCAL NOTE (RLIN)
Local note KA
651 #4 - SUBJECT ADDED ENTRY--GEOGRAPHIC NAME
Geographic name Europe
690 ## - LOCAL SUBJECT ADDED ENTRY--TOPICAL TERM (OCLC, RLIN)
Topical term or geographic name as entry element ENVIRONMENTAL AND LAND CONSULTANCY-ENERGY-ENERGY USE-ENERGY EFFICIENCY
942 ## - ADDED ENTRY ELEMENTS (KOHA)
Suppress in OPAC 0
Holdings
Withdrawn status Lost status Source of classification or shelving scheme Damaged status Not for loan Home library Current library Shelving location Date acquired Total Checkouts Full call number Barcode Date last seen Copy number Price effective from Koha item type
    Dewey Decimal Classification     London London Journal article 30/04/2010   L149824 149824-1001 06/08/2019 1 06/08/2019 Journal article